| 000 | 00000nam##2200000za#4500 |
| 001 | 9.572301 |
| 003 | CaOODSP |
| 005 | 20210624183142 |
| 007 | cr ||||||||||| |
| 008 | 150406|2001||||xxc|||||o f|0| 0 eng|d |
| 040 | |aCaOODSP|beng |
| 043 | |an-cn--- |
| 086 | 1 |aNH18-22/101-140E-PDF |
| 110 | 2 |aCanada Mortgage and Housing Corporation. |
| 245 | 10|a2001 building failures study |h[electronic resource] |
| 260 | |aOttawa - Ontario : |bCanada Mortgage and Housing Corporation |c[2001]. |
| 300 | |a4p.|bgraph, table |
| 490 | 1 |aResearch highlight. Technical series |v01-140 |
| 590 | |a11-29-Supp|b2011-11-25 |
| 690 | 07|aResearch|2gcpds |
| 690 | 07|aBuildings|2gcpds |
| 775 | 08|tÉtude portant sur les défaillances dans les bâtiments - 2001 |w(CaOODSP)9.602679 |
| 776 | 0#|t2001 building failures study |w(CaOODSP)9.615859 |
| 830 | #0|aResearch highlight. Technical series ;|v01-140|w(CaOODSP)9.504482 |
| 856 | 40|ahttp://publications.gc.ca|qPDF|s104 KB|uhttps://publications.gc.ca/collections/Collection/NH18-22-101-140E.pdf|y01-140 |